Essai sur les fondements a priori de la rationalité morale et juridique
Salvato in:
| Autore principale: | |
|---|---|
| Natura: | Libro |
| Lingua: | francese |
| Pubblicazione: |
París
Librairie Générale de Droit et de Jurisprudence
1972
|
| Serie: | Bibliothèque de Philosophie du Droit, 14
|
| Soggetti: | |
| Tags: |
Aggiungi Tag
Nessun Tag, puoi essere il primo ad aggiungerne!!
|
MARC
| LEADER | 00000nam a2200000 a 4500 | ||
|---|---|---|---|
| 001 | UCS9724 | ||
| 003 | CL-VaPUC | ||
| 008 | 971121e19720000FR |||||||||||||||||fre|d | ||
| 082 | 0 | 4 | |a 340.112 |b GAR |2 21 |
| 100 | 0 | |a Gardies, Jean-Louis |e author |9 395007 | |
| 245 | 1 | 0 | |a Essai sur les fondements a priori de la rationalité morale et juridique |
| 300 | |a 272 p | ||
| 942 | |c BK | ||
| 945 | |d 19971121 00:00:00 |a cmena | ||
| 260 | |a París |b Librairie Générale de Droit et de Jurisprudence |c 1972 | ||
| 650 | 0 | |a Filosofía del derecho |9 255050 | |
| 650 | 0 | |a Etica y derecho |9 341370 | |
| 650 | 0 | |a Normas jurídicas |9 258310 | |
| 650 | 0 | |a Lógica |9 256849 | |
| 650 | 7 | |a LOGICA GEONTICA |2 CL-VaPUC |9 395008 | |
| 650 | 0 | |a Lógica jurídica |9 255966 | |
| 650 | 0 | |a Fenomenología |9 256519 | |
| 650 | 0 | |a Escuelas filosóficas |9 266232 | |
| 650 | 0 | |a Derecho subjetivo |9 256705 | |
| 650 | 0 | |a Propiedad |9 255268 | |
| 583 | |a last modification |c 19971121 00:00:00 |k Rodrigo Vera | ||
| 490 | 0 | |a Bibliothèque de Philosophie du Droit, 14 | |
| 999 | |c 263485 |d 263483 | ||
| 952 | |0 0 |1 0 |4 0 |6 340_112000000000000_GAR_1972 |7 0 |8 DER_TF |9 292809 |a BIBDER |b BIBDER |d 2019-11-19 |i 1906070 |o 340.112 GAR 1972 |p 1906070 |r 2023-01-25 |w 2019-11-19 |x Ubicación 4to Piso |y BK |z Estos recursos deben solicitarse con anticipación |k DER | ||